[Event "AUTO-MASTER-946"]
[Site "http://www.queenalice.com/game.php?id=677016"]
[Date "2009.11.3"]
[Round "1"]
[White "Isambard"]
[Black "vila1"]
[Result "1-0"]
[WhiteElo "1961"]
[BlackElo "1906"]

1. d4 e6 2. a3 Nf6 3. Nf3 Be7 4. Bf4 Nd5 5. Bg3 Nf6 6. e3 Ne4 7. Bd3 Nxg3 8.
hxg3 b6 9. Nc3 Bb7 10. Qe2 d5 11. Ne5 Nd7 12. Nf3 c5 13. dxc5 Nxc5 14. Bb5+ Nd7
15. Ne5 Qc7 16. Bxd7+ Kf8 17. f4 f6 18. Ng6+ Kf7 19. Nxh8+ Rxh8 20. Bb5 h6 21.
O-O-O Bxa3 22. g4 Rc8 23. Rd3 Bb4 24. Qd2 a6 25. Ba4 b5 26. Bb3 Qa5 27. Kb1 d4
28. exd4 Bxg2 29. Qxg2 Rxc3 30. bxc3 Bxc3 31. Rxc3 Qxc3 32. d5 1-0

[Event "AUTO-MASTER-946"]
[Site "http://www.queenalice.com/game.php?id=677017"]
[Date "2009.11.3"]
[Round "1"]
[White "vila1"]
[Black "Isambard"]
[Result "0-1"]
[WhiteElo "1921"]
[BlackElo "1946"]

1. c4 c5 2. Nc3 Nc6 3. g3 g6 4. Bg2 Bg7 5. Nf3 Nf6 6. O-O d6 7. a3 Bg4 8. h3 Bf5
9. d3 Qd7 10. Kh2 h6 11. d4 cxd4 12. Nxd4 Nxd4 13. Qxd4 Ng4+ 14. hxg4 Bxd4 15.
gxf5 gxf5 16. Bd2 Be5 17. Rab1 Rb8 18. f4 Bf6 19. Nd5 Bg7 20. Bh3 e6 21. Ne3 b6
22. b3 h5 23. Ng2 Bf6 24. Be1 Ke7 25. Rf3 Rbg8 26. Re3 Kd8 27. Rd1 Kc7 28. Red3
Be7 29. Bb4 h4 30. Bxd6+ Bxd6 31. Rxd6 hxg3+ 32. Kg1 Qxd6 33. Rxd6 Kxd6 0-1

[Event "AUTO-MASTER-946"]
[Site "http://www.queenalice.com/game.php?id=677018"]
[Date "2009.11.3"]
[Round "1"]
[White "Isambard"]
[Black "KobeB"]
[Result "1-0"]
[WhiteElo "1953"]
[BlackElo "1927"]

1. e4 e5 2. Nf3 Nc6 3. a3 Bc5 4. Nc3 Nf6 5. Bc4 O-O 6. d3 h6 7. Bd2 d6 8. h3 a6
9. Qc1 b5 10. Ba2 Re8 11. Bxh6 Nd4 12. Bg5 Nxf3+ 13. gxf3 Be6 14. Bd5 Bxd5 15.
Nxd5 Re6 16. Rg1 c6 17. Nxf6+ Rxf6 18. Bxf6 Qxf6 19. Rg3 Qh4 20. Qd2 f6 21.
O-O-O a5 22. Rdg1 g5 23. R1g2 b4 24. a4 b3 25. c3 d5 26. Rh2 d4 27. c4 Kf7 28.
Rg4 Bb4 29. Qe2 Qh6 30. Qd1 Rb8 31. Qh1 Ke6 32. Kb1 Bd2 33. Qd1 Bf4 34. Rh1 Rb4
35. h4 Qf8 36. hxg5 Bxg5 37. Qf1 Rxa4 38. Qh3 Kd6 39. Qh8 Qe7 40. Rh7 Qe6 41.
Qf8+ 1-0

[Event "AUTO-MASTER-946"]
[Site "http://www.queenalice.com/game.php?id=677019"]
[Date "2009.11.3"]
[Round "1"]
[White "KobeB"]
[Black "Isambard"]
[Result "1-0"]
[WhiteElo "1912"]
[BlackElo "1968"]

1. e4 e5 2. Nf3 Nc6 3. Bb5 Nf6 4. Nc3 d6 5. O-O Bd7 6. Re1 a6 7. Ba4 h6 8. d3
Be7 9. d4 Bg4 10. d5 b5 11. Bb3 Nd4 12. Re3 Qd7 13. Qd3 Nxf3+ 14. Rxf3 Bxf3 15.
Qxf3 Qg4 16. Qxg4 Nxg4 17. f3 Nf6 18. a4 O-O 19. axb5 axb5 20. Rxa8 Rxa8 21. Bd2
b4 22. Ne2 Ra1+ 23. Kf2 Rb1 24. Bxb4 Rxb2 25. f4 exf4 26. Nxf4 Nxe4+ 27. Ke3 f5
28. Ne6 Rb1 29. Nxc7 Nc5 30. Bxc5 Bg5+ 31. Kd4 Bf6+ 32. Kc4 dxc5 33. Kxc5 Be5
34. Kc6 Kf8 35. Ba4 Ke7 36. c4 Bxh2 37. Bb5 Bd6 38. Ne6 g5 39. c5 Bg3 40. Ng7
Kf7 41. Nxf5 1-0

[Event "Let's Play Chess!"]
[Site "http://www.queenalice.com/game.php?id=686102"]
[Date "2009.11.21"]
[Round "-"]
[White "Isambard"]
[Black "raymundo"]
[Result "0-1"]
[WhiteElo "1975"]
[BlackElo "1830"]

1. e4 c5 2. Nc3 d6 3. Bc4 Nf6 4. h3 Nc6 5. d3 g6 6. Nf3 Bg7 7. Bg5 O-O 8. Qd2
Bd7 9. a3 Qb6 10. Rb1 Nh5 11. Bxe7 Nxe7 12. g4 Nf6 13. g5 Nh5 14. Ne2 Kh8 15. c3
a6 16. Nf4 Nxf4 17. Qxf4 Bxc3+ 18. Ke2 Bg7 19. h4 Bb5 20. Ba2 f6 21. h5 fxg5 22.
Qxg5 Rae8 23. hxg6 Nxg6 24. Qxg6 Rxe4+ 25. Kd2 Qa5+ 26. b4 Bc3+ 27. Kxc3 cxb4+
28. axb4 Rc8+ 29. Bc4 Rcxc4+ 30. dxc4 Rxc4+ 31. Kd2 Qa2+ 32. Ke1 Rc1+ 0-1

[Event "Challenge"]
[Site "http://www.queenalice.com/game.php?id=686299"]
[Date "2009.11.20"]
[Round "-"]
[White "constantin"]
[Black "Isambard"]
[Result "0-1"]
[WhiteElo "1752"]
[BlackElo "1917"]

1. e4 e5 2. Nf3 d6 3. Bc4 h6 4. O-O Nc6 5. c3 Bg4 6. h3 Bd7 7. d3 a6 8. a3 Nf6
9. Be3 b5 10. Ba2 Be7 11. Qb3 Be6 12. Qc2 d5 13. exd5 Nxd5 14. Re1 Qd7 15. c4
Nf6 16. c5 Bxh3 17. gxh3 Qxh3 18. Nh2 Ng4 19. Nxg4 Qxg4+ 20. Kf1 Bg5 21. Bd5 Qd7
22. Be4 f5 23. Bg2 f4 24. Bd2 O-O-O 25. Be4 Rde8 26. Nc3 Nd4 27. Qd1 Rhf8 28.
Ne2 f3 29. Nxd4 Qh3+ 0-1

[Event "AUTO-ADV-1568"]
[Site "http://www.queenalice.com/game.php?id=695914"]
[Date "2009.12.10"]
[Round "1"]
[White "wallt"]
[Black "Isambard"]
[Result "1-0"]
[WhiteElo "1828"]
[BlackElo "1926"]

1. d4 d5 2. Nc3 e6 3. Bf4 a6 4. Nf3 Nf6 5. g3 Nc6 6. Bg2 Bd6 7. Qc1 h6 8. O-O
Nh5 9. Bxd6 Qxd6 10. a3 Bd7 11. Qe3 O-O-O 12. Ne5 Qe7 13. Bf3 g6 14. Na4 Ng7 15.
Nc5 Nf5 16. Qd2 Ncxd4 17. b4 Nxf3+ 18. exf3 Bb5 19. Rfe1 Rdg8 20. a4 Be8 21. c3
f6 22. Ned3 h5 23. Rxe6 Qd8 24. Nf4 Bc6 25. b5 Bd7 26. Nxd7 Qxd7 27. bxa6 bxa6
28. Rxa6 c6 29. Rb1 Nd6 30. Qd4 Qe7 31. Ra8+ Kc7 32. Qa7+ Nb7 33. Rxb7+ Kd6 34.
Rxe7 1-0

[Event "AUTO-ADV-1568"]
[Site "http://www.queenalice.com/game.php?id=695915"]
[Date "2009.12.10"]
[Round "1"]
[White "Isambard"]
[Black "wallt"]
[Result "1/2-1/2"]
[WhiteElo "1910"]
[BlackElo "1811"]

1. e4 e5 2. Nf3 Nc6 3. a3 Nf6 4. Nc3 Bc5 5. h3 O-O 6. Bc4 d6 7. d3 a6 8. Bg5 Na5
9. Ba2 c6 10. Qd2 Bd4 11. O-O b5 12. b4 Nb7 13. Rab1 Qe7 14. Ne2 Bb6 15. Ng3 Be6
16. Bb3 Bd8 17. Nh5 Bxb3 18. Nxf6+ gxf6 19. Bh6 Re8 20. Rxb3 Qe6 21. d4 f5 22.
Ng5 Qxh6 23. Rg3 Qf6 24. c3 f4 25. Rg4 Qh6 26. Nf3+ Kf8 27. dxe5 dxe5 28. Rd1
Re7 29. Rg5 Bc7 30. Qa2 Nd8 31. h4 Ra7 32. g4 Rb7 33. Rf5 Ne6 34. Kg2 Qg7 35.
Kh3 Ke8 36. c4 h6 37. Rh5 Qg8 38. Rxh6 Rd7 39. Rg1 Ke7 40. c5 Rd3 41. Kg2 Qxg4+
42. Kh2 Qxf3 43. Qxe6+ fxe6 44. Rh7+ Kf6 45. Rh6+ Kf7 46. Rh7+ Kf8 47. Rh8+ Kf7
48. Rh7+ Kf8 49. Rh8+ Kf7 50. Rh7+ Kf8 1/2-1/2

[Event "AUTO-ADV-1568"]
[Site "http://www.queenalice.com/game.php?id=695928"]
[Date "2009.12.10"]
[Round "1"]
[White "flopp"]
[Black "Isambard"]
[Result "1-0"]
[WhiteElo "1871"]
[BlackElo "1938"]

1. e4 e5 2. Nf3 d6 3. d4 Be7 4. Bc4 h6 5. O-O Nf6 6. Nc3 Bg4 7. Qd3 a6 8. h3 Bd7
9. Ne2 Qc8 10. Ng3 Bxh3 11. gxh3 Qxh3 12. Nh2 Ng4 13. Nxg4 Qxg4 14. dxe5 dxe5
15. Qe2 Qc8 16. Nf5 Nc6 17. Nxg7+ Kd8 18. Nf5 Rg8+ 19. Kh2 Nd4 20. Qd3 Bd6 21.
Bxf7 Rh8 22. Rg1 Kd7 23. Nxd4 exd4+ 24. Kh1 Qf8 25. Qh3+ Kc6 26. Bd5+ Kb6 27.
Qb3+ Bb4 28. Bd2 c5 29. e5 a5 30. Rg6+ Ka7 31. Bxb4 cxb4 32. Qg3 Qc5 33. Bb3 h5
34. e6 Qc6+ 35. Kh2 h4 36. Qg2 Qd6+ 37. Kg1 h3 38. Qg3 h2+ 39. Kg2 Qc6+ 40. f3
a4 41. e7 Qd7 42. Bc4 Qxe7 43. Rh1 Qe3 44. Ra6+ bxa6 45. Qc7# 1-0

[Event "AUTO-ADV-1568"]
[Site "http://www.queenalice.com/game.php?id=695929"]
[Date "2009.12.10"]
[Round "1"]
[White "Isambard"]
[Black "flopp"]
[Result "1-0"]
[WhiteElo "1921"]
[BlackElo "1866"]

1. e4 e5 2. Nf3 Nc6 3. a3 d6 4. h3 Nf6 5. Nc3 Be7 6. Bc4 Be6 7. Bxe6 fxe6 8. d3
h6 9. Be3 a6 10. d4 exd4 11. Bxd4 e5 12. Be3 O-O 13. Qd2 Qe8 14. O-O-O b5 15.
Nh4 Nh7 16. Nf5 Bg5 17. Bxg5 Nxg5 18. h4 Ne6 19. h5 Ne7 20. Nxe7+ Qxe7 21. Nd5
Qf7 22. f3 Nf4 23. Kb1 Nxd5 24. exd5 Qd7 25. Rh3 Rf5 26. Rdh1 Rf4 27. g4 Raf8
28. Qd3 Qf7 29. Rf1 Rc8 30. Rg1 Qf6 31. Rgg3 Qe7 32. g5 hxg5 33. h6 gxh6 34.
Qg6+ Qg7 35. Qe6+ 1-0

[Event "AUTO-ADV-1568"]
[Site "http://www.queenalice.com/game.php?id=695938"]
[Date "2009.12.10"]
[Round "1"]
[White "Isambard"]
[Black "dorszu"]
[Result "1-0"]
[WhiteElo "1935"]
[BlackElo "1607"]

1. e4 e6 2. a3 Nc6 3. Nf3 Bc5 4. Bc4 Nge7 5. Nc3 O-O 6. d3 a6 7. Bg5 b5 8. Ba2
Kh8 9. Qd2 f6 10. Bh4 Bb7 11. d4 Bb6 12. O-O-O Ng6 13. Ne2 Nce7 14. Qd3 Qe8 15.
Bg3 d5 16. Nc3 dxe4 17. Nxe4 f5 18. Neg5 h6 19. Nxe6 Rf7 20. h4 Nc6 21. Rde1 Re7
22. Qxf5 Bc8 23. d5 Bxe6 24. dxe6 Nd4 25. Nxd4 Bxd4 26. Bd5 Rd8 27. Bb3 c5 28.
c3 c4 29. Bc2 Bf6 30. Re4 Qc6 31. Qxg6 Rxe6 32. Rxe6 Qxe6 33. Qh7# 1-0

[Event "AUTO-ADV-1568"]
[Site "http://www.queenalice.com/game.php?id=695939"]
[Date "2009.12.10"]
[Round "1"]
[White "dorszu"]
[Black "Isambard"]
[Result "0-1"]
[WhiteElo "1662"]
[BlackElo "1904"]

1. e4 e6 2. d4 d6 3. Nf3 h6 4. Bb5+ Bd7 5. Bxd7+ Nxd7 6. O-O Ngf6 7. Nc3 d5 8.
e5 Nh7 9. Re1 a6 10. Bd2 f6 11. exf6 gxf6 12. Nh4 Ng5 13. Ng6 Rh7 14. Qh5 Be7
15. Nxe7+ Kxe7 16. Nxd5+ Kd6 17. Bxg5 fxg5 18. Ne3 Nf6 19. Qf3 c6 20. c4 Kc7 21.
Rad1 Qf8 22. Qg3+ Kb6 23. b4 Rc8 24. a4 Ne4 25. Qg4 Nxf2 26. Qxe6 Nxd1 27. Nd5+
Ka7 28. Nf6 Re7 29. Qxe7 Qxe7 30. Rxe7 Nb2 31. c5 Nxa4 32. Kf2 Rf8 33. Re6 Nc3
34. Ke3 Na2 35. Nd7 Rh8 36. Ne5 Nxb4 37. Re7 a5 38. Kd2 Ka6 39. Kc3 Nd5+ 40. Kc4
Nxe7 41. g3 Rf8 42. Nd7 Rf2 43. h4 Rb2 44. hxg5 hxg5 45. Kd3 a4 46. Kc3 Rb5 47.
Ne5 a3 48. Nc4 a2 49. Na3 a1=Q+ 0-1

[Event "Happy 2010"]
[Site "http://www.queenalice.com/game.php?id=707383"]
[Date "2010.1.2"]
[Round "-"]
[White "Gorgona"]
[Black "Isambard"]
[Result "0-1"]
[WhiteElo "1879"]
[BlackElo "1957"]

1. e4 e5 2. f4 d6 3. Nc3 a6 4. d4 exd4 5. Qxd4 Nc6 6. Qd1 Nf6 7. Nf3 Bg4 8. Bc4
Qe7 9. O-O O-O-O 10. Qe1 Qd7 11. Ng5 d5 12. exd5 Re8 13. Qf2 Nb8 14. d6 Bxd6 15.
Nxf7 Rhf8 16. Nxd6+ Qxd6 17. a4 Nc6 18. b3 Qd7 19. Be2 Kb8 20. Ba3 Rh8 21. Rad1
Qf5 22. Bd3 Qa5 23. Be2 Qxc3 24. Bxg4 Nxg4 0-1

[Event "Happy 2010"]
[Site "http://www.queenalice.com/game.php?id=707384"]
[Date "2010.1.2"]
[Round "-"]
[White "Isambard"]
[Black "Gorgona"]
[Result "1-0"]
[WhiteElo "1939"]
[BlackElo "1996"]

1. e4 c5 2. Nc3 Nc6 3. Bc4 Nf6 4. d3 Na5 5. Nf3 Nxc4 6. dxc4 e5 7. Nxe5 Qe7 8.
Nf3 Nxe4 9. Nxe4 Qxe4+ 10. Qe2 Qe7 11. Be3 f6 12. O-O-O d6 13. h3 Qf7 14. Bxc5+
Kd7 15. Bxd6 Bxd6 16. c5 Rd8 17. cxd6 Re8 18. Qb5+ Kd8 19. Kb1 Qd7 20. Qb4 a5
21. Qb6+ 1-0

[Event "AUTO-MASTER-1006"]
[Site "http://www.queenalice.com/game.php?id=709539"]
[Date "2010.1.6"]
[Round "1"]
[White "tariann"]
[Black "Isambard"]
[Result "1-0"]
[WhiteElo "2010"]
[BlackElo "1918"]

1. e4 e5 2. Nf3 Nc6 3. Bb5 d6 4. O-O Bd7 5. c3 Nf6 6. Re1 a6 7. Ba4 Na5 8. d4
Nc4 9. Bxd7+ Nxd7 10. b3 Ncb6 11. Nbd2 g6 12. Nf1 f6 13. dxe5 dxe5 14. Be3 Bd6
15. c4 Nc8 16. Nh4 f5 17. Nxf5 Bb4 18. Nd2 gxf5 19. Qh5+ Kf8 20. Qxf5+ Nf6 21.
Bh6+ Kf7 22. Nf3 Bxe1 23. Nxe5+ Ke8 24. Bg7 Nd6 25. Qf4 Ndxe4 26. Rxe1 Rg8 27.
Bxf6 Qxf6 28. Qxe4 Qe7 29. Qxb7 Rd8 30. Nf3 Qxe1+ 31. Nxe1 Rd1 32. Qe4+ Kf8 33.
Qf3+ 1-0

[Event "AUTO-MASTER-1006"]
[Site "http://www.queenalice.com/game.php?id=709540"]
[Date "2010.1.6"]
[Round "1"]
[White "Isambard"]
[Black "tariann"]
[Result "0-1"]
[WhiteElo "1947"]
[BlackElo "2002"]

1. e4 e6 2. d4 d5 3. e5 c5 4. Be3 cxd4 5. Bxd4 Nc6 6. c3 Qc7 7. Nf3 Nxd4 8. Qxd4
f6 9. Be2 fxe5 10. Nxe5 Nf6 11. O-O Bd6 12. Nf3 O-O 13. h3 e5 14. Qh4 Bf5 15.
Nbd2 e4 16. Nd4 Bd7 17. f3 Bg3 18. Qg5 Bf4 19. Qh4 Bxd2 20. fxe4 Nxe4 21. Bd3
Be3+ 22. Kh1 Ng3+ 23. Kh2 Nxf1+ 0-1

[Event "AUTO-MASTER-1006"]
[Site "http://www.queenalice.com/game.php?id=709555"]
[Date "2010.1.6"]
[Round "1"]
[White "Ninho"]
[Black "Isambard"]
[Result "0-1"]
[WhiteElo "1948"]
[BlackElo "1900"]

1. e4 e5 2. Nf3 Nc6 3. Be2 Nf6 4. d3 h6 5. Nc3 Bb4 6. Bd2 a6 7. O-O d6 8. Nb1
Bc5 9. c3 Be6 10. Qc1 Bb6 11. Na3 Qd7 12. b3 O-O-O 13. Nc4 Ba7 14. Be3 g5 15.
Bxa7 Nxa7 16. Ne3 Rdg8 17. c4 g4 18. Nh4 Nc6 19. Nd5 Bxd5 20. cxd5 Nd4 21. Bd1
h5 22. g3 Nh7 23. Qe3 Kb8 24. a4 Nf8 25. b4 Ng6 26. Nxg6 Rxg6 27. f4 f6 28. f5
Rgg8 29. b5 a5 30. Rc1 b6 31. Rf2 h4 32. gxh4 Rxh4 33. Rg2 Qh7 34. Rb1 Rh3 35.
Qf2 g3 36. Rxg3 Rgxg3+ 37. Qxg3 Rxg3+ 38. hxg3 Qh3 0-1

[Event "AUTO-MASTER-1006"]
[Site "http://www.queenalice.com/game.php?id=709556"]
[Date "2010.1.6"]
[Round "1"]
[White "Isambard"]
[Black "Ninho"]
[Result "0-1"]
[WhiteElo "1916"]
[BlackElo "1918"]

1. e4 e5 2. Nf3 Nc6 3. a3 Nf6 4. Nc3 Be7 5. Bc4 O-O 6. d3 d6 7. h3 a6 8. Be3 Re8
9. Qd2 Bd7 10. Bg5 b5 11. Ba2 Be6 12. Bxe6 fxe6 13. h4 Rf8 14. Nh2 Nd4 15. Ne2
Nd7 16. f3 Bxg5 17. hxg5 c5 18. Ng4 Nxe2 19. Kxe2 d5 20. g6 Nf6 21. Nxe5 h6 22.
g4 dxe4 23. Rxh6 gxh6 24. Qxh6 exf3+ 25. Nxf3 Qe7 26. Ng5 Qg7 27. Qh4 Rae8 28.
Rh1 Nd5 29. Qh7+ Qxh7 30. Rxh7 Nf4+ 31. Ke3 Nxg6 32. Ra7 Ra8 33. Rc7 Nf4 34. Ne4
Nd5+ 0-1

[Event "Challenge"]
[Site "http://www.queenalice.com/game.php?id=712145"]
[Date "2010.1.11"]
[Round "-"]
[White "Isambard"]
[Black "extermination"]
[Result "0-1"]
[WhiteElo "1933"]
[BlackElo "1902"]

1. e4 e5 2. Nf3 Nc6 3. a3 Nf6 4. Nc3 Bc5 5. h3 d5 6. exd5 Nxd5 7. Nxd5 Qxd5 8.
Bb5 a6 9. Ba4 O-O 10. Qe2 e4 11. Nh2 Nd4 12. Qd1 Qf5 13. O-O Qg6 14. Kh1 b5 15.
Bb3 Bb7 16. Rg1 Nxb3 17. cxb3 Bxf2 18. Ng4 Bxg1 19. Qxg1 Qh5 20. d3 f5 21. Nf2
exd3 22. Bf4 g5 23. Bxc7 g4 24. Kh2 Rac8 25. Bf4 Rc2 26. Rb1 Re8 27. b4 Ree2 28.
Rf1 Qh4 29. Bg3 Qh6 30. Nxd3 Qxh3# 0-1